书目信息 |
| 题名: |
列宁土地问题思想研究
|
|
| 作者: | 向夏莹 著 | |
| 分册: | ||
| 出版信息: | 北京 科学出版社 2017 |
|
| 页数: | 197页 | |
| 开本: | 24cm | |
| 丛书名: | ||
| 单 册: | ||
| 中图分类: | A821.66 | |
| 科图分类: | ||
| 主题词: | 列宁主义--土地问题--思想评论 | |
| 电子资源: | ||
| ISBN: | 978-7-03-050712-9 | |
| 000 | 00737nam0 2200229 450 | |
| 001 | 012001004526 | |
| 005 | 20140928162349.0 | |
| 010 | @a978-7-03-050712-9@dCNY58.00 | |
| 100 | @a20170802d2017 em y0chiy50 ea | |
| 101 | 0 | @achi |
| 102 | @aCN@b110000 | |
| 105 | @ay z 000yy | |
| 106 | @ar | |
| 200 | 1 | @a列宁土地问题思想研究@9lie ning tu di wen ti si xiang yan jiu@f向夏莹著 |
| 210 | @a北京@c科学出版社@d2017 | |
| 215 | @a197页@d24cm | |
| 330 | @a本书主要通过对列宁的土地问题思想进行深入研究,系统阐述它的主要理论来源、形成与发展历程和核心内容。 | |
| 606 | 0 | @a列宁主义@x土地问题@x思想评论 |
| 690 | @aA821.66@v5 | |
| 701 | 0 | @a向夏莹@9xiang xia ying@4著 |
| 801 | 0 | @aCN@b上海新华@c20180901 |
| 905 | @b1166372-6@dA821.66@e41@f5 | |
| 列宁土地问题思想研究/向夏莹著.-北京:科学出版社,2017 |
| 197页;24cm |
| ISBN 978-7-03-050712-9:CNY58.00 |
| 本书主要通过对列宁的土地问题思想进行深入研究,系统阐述它的主要理论来源、形成与发展历程和核心内容。 |
| ● |
| 相关链接 |
|
|
|
|
正题名:列宁土地问题思想研究
索取号:A821.66/41
 
预约/预借
| 序号 | 登录号 | 条形码 | 馆藏地/架位号 | 状态 | 备注 |
| 1 | 1166372 | 211663724 | 第一样本阅览室/ [索取号:A821.66/41] | 在馆 | |
| 2 | 1166373 | 211663733 | 第一借阅区/ [索取号:A821.66/41] | 在馆 | |
| 3 | 1166374 | 211663742 | 第一借阅区/ [索取号:A821.66/41] | 在馆 | |
| 4 | 1166375 | 211663751 | 第一借阅区/ [索取号:A821.66/41] | 在馆 | |
| 5 | 1166376 | 211663760 | 第一借阅区/ [索取号:A821.66/41] | 在馆 |